| 000 | 00357pab a2200145 454500 | ||
|---|---|---|---|
| 008 | 180718b1996 xxu||||| |||| 00| 0 eng d | ||
| 100 | _aMukherjee, Sampat | ||
| 245 | _aFinancial globalisation | ||
| 260 | _c1996 | ||
| 300 | _ap.6; 14 Jun 1996, p.6 | ||
| 362 | _a13 Jun | ||
| 650 | _aFinancial markets | ||
| 773 | _aHindu (Business Line) | ||
| 909 | _a32509 | ||
| 999 |
_c32509 _d32509 |
||